书目信息 |
| 题名: |
基础英语
|
|
| 作者: | 余丹 , 孙湘芸 主编 | |
| 分册: | ||
| 出版信息: | 北京 北京工业大学出版社 2018.06 |
|
| 页数: | 205页 | |
| 开本: | 26cm | |
| 丛书名: | ||
| 单 册: | ||
| 中图分类: | H319.39 , H31 | |
| 科图分类: | ||
| 主题词: | 英语--高等学校--教材 | |
| 电子资源: | ||
| ISBN: | 978-7-5639-4846-8 | |
| 000 | 00838nam0 2200265 450 | |
| 001 | 4818 | |
| 005 | 20181013100305.97 | |
| 010 | @a978-7-5639-4846-8@dCNY36.00 | |
| 100 | @a20170802d2018 em y0chiy50 ea | |
| 101 | 0 | @achi@aeng |
| 102 | @aCN@b110000 | |
| 105 | @aa z 000yy | |
| 200 | 1 | @a基础英语@9ji chu ying yu@f余丹,孙湘芸主编 |
| 210 | @a北京@c北京工业大学出版社@d2018.06 | |
| 215 | @a205页@c图@d26cm | |
| 300 | @a普通高等院校“十三五”规划精品教材 | |
| 330 | @a本书共分13个单元,每一单元含有学习重点提示、情景对话、语法分析、试题练习等部分,书的最后还附有参考答案。 | |
| 510 | 1 | @aBasic English@zeng |
| 606 | 0 | @a英语@x高等学校@j教材 |
| 690 | @aH319.39@v5 | |
| 690 | @aH31@v4 | |
| 701 | 0 | @a余丹@9yu dan@4主编 |
| 701 | 0 | @a孙湘芸@9sun xiang yun@4主编 |
| 801 | 0 | @aCN@b91MARC@c20170802 |
| 905 | @aMuseLib@dH31@e1696 | |
| 基础英语/余丹,孙湘芸主编.-北京:北京工业大学出版社,2018.06 |
| 205页:图;26cm |
| 普通高等院校“十三五”规划精品教材 |
| ISBN 978-7-5639-4846-8:CNY36.00 |
| 本书共分13个单元,每一单元含有学习重点提示、情景对话、语法分析、试题练习等部分,书的最后还附有参考答案。 |
| ● |
| 相关链接 |
|
|
|
|
正题名:基础英语
索取号:H31/1696
 
预约/预借
| 序号 | 登录号 | 条形码 | 馆藏地/架位号 | 状态 | 备注 |
| 1 | 1126794 | 211267948 | 第二样本阅览室/ [索取号:H31/1696] | 在馆 | |
| 2 | 1126795 | 211267957 | 密集书库—外国语学院/ [索取号:H31/1696] | 在馆 | |
| 3 | 1126796 | 211267966 | 第四借阅区/ [索取号:H31/1696] | 在馆 | |
| 4 | 1126797 | 211267975 | 第四借阅区/ [索取号:H31/1696] | 在馆 | |
| 5 | 1126798 | 211267984 | 第四借阅区/ [索取号:H31/1696] | 在馆 |